Op-amps and Linear Integrated Circuits (Record no. 1092)

MARC details
000 -LEADER
fixed length control field 00353nam a2200145Ia 4500
008 - FIXED-LENGTH DATA ELEMENTS--GENERAL INFORMATION
fixed length control field 191201s2005 xx 000 0 und d
082 ## - DEWEY DECIMAL CLASSIFICATION NUMBER
Classification number 621.3815
Item number GAO
100 ## - MAIN ENTRY--PERSONAL NAME
Personal name GAYAKWAD, Ramakant
245 #0 - TITLE STATEMENT
Title Op-amps and Linear Integrated Circuits
250 ## - EDITION STATEMENT
Edition statement 2nd
260 ## - PUBLICATION, DISTRIBUTION, ETC. (IMPRINT)
Place of publication, distribution, etc N.Delhi
Name of publisher, distributor, etc PHI
Date of publication, distribution, etc 2005
300 ## - PHYSICAL DESCRIPTION
Extent 543
650 ## - SUBJECT ADDED ENTRY--TOPICAL TERM
Topical term or geographic name as entry element B.Tech(ECE)
942 ## - ADDED ENTRY ELEMENTS (KOHA)
Source of classification or shelving scheme Dewey Decimal Classification
Koha item type Text Books
Holdings
Withdrawn status Lost status Source of classification or shelving scheme Damaged status Not for loan Collection code Home library Current library Date acquired Source of acquisition Cost, normal purchase price Bill Number Total Checkouts Full call number Acc. no. / Barcode Date last seen Bill Date Koha item type Date last borrowed
    Dewey Decimal Classification     B.Tech(ECE) PIET C-LIBRARY PIET C-LIBRARY 22/03/2007 UDH, Delhi 195.00 CM 4732   621.3815 GAO 1404 04/12/2019 22/08/2005 Text Books  
    Dewey Decimal Classification     B.Tech(ECE) PIET C-LIBRARY PIET C-LIBRARY 22/03/2007 UDH, Delhi 195.00 CM 4732 1 621.3815 GAO 1405 11/03/2025 22/08/2005 Text Books 24/02/2025
    Dewey Decimal Classification     B.Tech(ECE) PIET C-LIBRARY PIET C-LIBRARY 22/03/2007 UDH, Delhi 195.00 CM 4732 2 621.3815 GAO 1406 14/05/2024 22/08/2005 Text Books 30/04/2024

Design & Developed by: PIET Central Library
R70 Miles Stone Pattikalyana Samalkha Panipat 132102
mail ID :- [email protected], Phone No:- 0180-2569700 Ex.216